000 00180 a2200097 4500
020 _a9780673758361
041 _aspa
100 _aRobinson, Fray
245 _aDiseǫs
942 _cBK
999 _c31952
_d31950